[Event "Olomouc Chess Summer 2018 - open"]
[Site "Olomouc (CZE)"]
[Date "2018.08.14"]
[Round "5.3"]
[White "Ilandzis, Spyridon"]
[Black "Bronowicki, Mateusz"]
[Result "0-1"]
[WhiteElo "2009"]
[BlackElo "2280"]
[PlyCount "80"]
[EventDate "2018.??.??"]

1. e4 e6 2. d4 d5 3. Nd2 Nf6 4. e5 Nfd7 5. Bd3 c5 6. c3 Nc6 7. Ngf3 Be7 8. Nf1
cxd4 9. cxd4 Qb6 10. Bc2 Bb4+ 11. Ke2 f6 12. exf6 Nxf6 13. Ng3 O-O 14. Be3 Bd7
15. a3 Bd6 16. Rb1 Rac8 17. b4 Ng4 18. b5 Ne7 19. a4 Qc7 20. Bd3 e5 21. dxe5
Bxe5 22. b6 axb6 23. Bxb6 Qd6 24. Kf1 d4 25. Ne4 Qh6 26. Kg1 Nd5 27. h3 Nge3
28. Qb3 Rxf3 29. gxf3 Rc3 30. Qa2 Qg6+ 31. Ng3 Rxd3 32. fxe3 dxe3 33. Rh2 Bxg3
34. Rg2 Bf2+ 35. Kh1 Qf5 36. Qe2 Nc3 37. Qb2 Qxh3+ 38. Rh2 Qxf3+ 39. Rg2 Qh3+
40. Rh2 Bc6# 0-1

[Event "Olomouc Chess Summer 2018 - open"]
[Site "Olomouc (CZE)"]
[Date "2018.08.14"]
[Round "5.4"]
[White "Zielinski, Wojciech"]
[Black "Schmuki, Roman"]
[Result "1/2-1/2"]
[WhiteElo "2157"]
[BlackElo "2009"]
[PlyCount "59"]
[EventDate "2018.??.??"]

1. Nf3 Nf6 2. b3 e6 3. Bb2 d5 4. e3 Bd6 5. c4 b6 6. Be2 Bb7 7. O-O O-O 8. Nc3
a6 9. Rc1 Qe7 10. Qc2 Nbd7 11. d4 c5 12. cxd5 exd5 13. Rfd1 Rfd8 14. Qf5 Qe6
15. Qxe6 fxe6 16. Na4 Ne4 17. Nd2 Nxd2 18. Rxd2 cxd4 19. Bxd4 b5 20. Nc5 Nxc5
21. Bxc5 Bxc5 22. Rxc5 Rdc8 23. Rdc2 Rxc5 24. Rxc5 Rc8 25. Rxc8+ Bxc8 26. b4
Kf7 27. f4 Kf6 28. Bd3 h6 29. Kf2 e5 30. Bc2 1/2-1/2

[Event "Olomouc Chess Summer 2018 - open"]
[Site "Olomouc (CZE)"]
[Date "2018.08.14"]
[Round "5.5"]
[White "Matousek, Petr"]
[Black "Budnik, Mateusz"]
[Result "0-1"]
[WhiteElo "2123"]
[BlackElo "2003"]
[PlyCount "128"]
[EventDate "2018.??.??"]

1. e4 c5 2. c4 Nc6 3. Nc3 g6 4. g3 Bg7 5. Bg2 e6 6. Nge2 Nge7 7. d3 O-O 8. O-O
Nd4 9. Bf4 d6 10. Qd2 Re8 11. Nxd4 cxd4 12. Nb5 e5 13. Bh6 a6 14. Bxg7 Kxg7 15.
Na3 Nc6 16. b4 Bd7 17. Rab1 Ne7 18. c5 Be6 19. f4 f6 20. Rfc1 Rc8 21. fxe5 dxe5
22. Nc4 Bxc4 23. Rxc4 Qd7 24. Qc2 h5 25. a4 h4 26. b5 hxg3 27. hxg3 axb5 28.
Rxb5 Nc6 29. Qb1 Rc7 30. Rc2 Rh8 31. Rcb2 Nd8 32. Qd1 Qe7 33. Qg4 Ne6 34. c6
bxc6 35. Rb8 Rxb8 36. Rxb8 Ng5 37. a5 Qa3 38. Rd8 Qxa5 39. Rd7+ Nf7 40. Qe6
Rxd7 41. Qxd7 c5 42. Bh3 Qd8 43. Qa7 Qd6 44. Qa4 Qc7 45. Be6 Nd6 46. Qa8 Nf7
47. Qe8 Nh6 48. g4 Nf7 49. Kg2 Ng5 50. Bc4 Nh7 51. Be6 Nf8 52. Bc8 c4 53. dxc4
Qxc4 54. Qe7+ Qf7 55. Qd6 Nh7 56. Be6 Qb7 57. Bd5 Qb2+ 58. Kg3 Qc3+ 59. Kg2
Qd2+ 60. Kf1 Qd1+ 61. Kf2 Qxg4 62. Qe7+ Kh6 63. Bg8 Qf4+ 64. Kg1 Ng5 0-1

[Event "Olomouc Chess Summer 2018 - open"]
[Site "Olomouc (CZE)"]
[Date "2018.08.14"]
[Round "5.6"]
[White "Litner, Igor"]
[Black "Valenta, Vit"]
[Result "0-1"]
[WhiteElo "1990"]
[BlackElo "2085"]
[PlyCount "144"]
[EventDate "2018.08.11"]

1. d4 Nf6 2. Nf3 g6 3. Bf4 Bg7 4. h3 d6 5. e3 Nbd7 6. Be2 O-O 7. O-O b6 8. Bh2
Bb7 9. c4 Re8 10. Nc3 e5 11. Qc2 exd4 12. exd4 Ne4 13. Bd3 Nxc3 14. bxc3 Bxf3
15. gxf3 Qg5+ 16. Bg3 Nf6 17. f4 Qa5 18. Rfe1 Nh5 19. Be4 Rab8 20. Bc6 Rxe1+
21. Rxe1 Nxg3 22. fxg3 Bxd4+ 23. Kg2 Bf6 24. Re2 Kf8 25. g4 h6 26. Re3 a6 27.
a4 Kg7 28. Kg3 g5 29. fxg5 Qxg5 30. Rf3 h5 31. Qf5 Qxf5 32. gxf5 Be5+ 33. Kf2
Kf6 34. Ke2 Rg8 35. Bb7 a5 36. Kf2 Bh2 37. Ke3 Re8+ 38. Kd3 Re1 39. Bc6 Be5 40.
Kd2 Rg1 41. Kd3 Rg2 42. Bd5 Ra2 43. Bc6 Kg5 44. Be8 f6 45. Bc6 Kh4 46. Re3 Rf2
47. Rf3 Rh2 48. Be8 Kg5 49. Ke4 Re2+ 50. Kd5 Bxc3 51. Kc6 Bd4 52. Bd7 Rc2 53.
Kxc7 Rxc4+ 54. Kxd6 Be5+ 55. Ke6 Kh4 56. Be8 Rd4 57. Rb3 Rb4 58. Rd3 Bb2 59.
Re3 Bc1 60. Re1 Bg5 61. Ra1 Re4+ 62. Kd7 Bf4 63. Bf7 Re5 64. Bg6 Re3 65. Rb1
Rxh3 66. Rxb6 Kg5 67. Rb5 Rd3+ 68. Ke7 h4 69. Be8 h3 70. Bc6 Bd6+ 71. Ke6 Bb4
72. Rb8 Rd6+ 0-1

[Event "Olomouc Chess Summer 2018 - open"]
[Site "Olomouc (CZE)"]
[Date "2018.08.14"]
[Round "5.7"]
[White "Novak, Vaclav"]
[Black "Husarik, Branko"]
[Result "0-1"]
[WhiteElo "1932"]
[BlackElo "2072"]
[PlyCount "118"]
[EventDate "2018.08.11"]

1. e4 e5 2. Nf3 d6 3. d4 Nd7 4. Bc4 c6 5. O-O Be7 6. Nc3 Ngf6 7. dxe5 dxe5 8.
a4 O-O 9. Rb1 Qc7 10. Bg5 Re8 11. b4 Nf8 12. Qe2 Bg4 13. h3 Be6 14. Nh4 Rad8
15. Nf5 Bxf5 16. exf5 Nd5 17. Ne4 Bxg5 18. Nxg5 Nd7 19. Ne4 N7f6 20. Nxf6+ gxf6
21. Rb3 Kh8 22. Bxd5 cxd5 23. Qd3 Rg8 24. g4 Qd7 25. Kh1 Qxa4 26. Ra3 Qxb4 27.
Rxa7 Rd7 28. c3 Qc5 29. Raa1 Rc8 30. Rac1 Qc4 31. Qd2 Rd6 32. Qh6 b5 33. f3
Rdc6 34. Ra1 b4 35. cxb4 Qxb4 36. Ra7 Kg8 37. Rg1 Qf8 38. Qd2 Qc5 39. g5 Qxg1+
40. Kxg1 Rc1+ 41. Kf2 R1c2 42. Ke3 Rxd2 43. Kxd2 fxg5 44. f6 h6 45. Re7 Rc6 46.
Rxe5 Rxf6 47. Ke3 Re6 48. Kd4 Rxe5 49. Kxe5 Kg7 50. Kxd5 Kf6 51. Ke4 Ke6 52. f4
f5+ 53. Kf3 Kd5 54. fxg5 hxg5 55. Ke3 Ke5 56. Kf3 Kd4 57. Ke2 Ke4 58. Kf2 Kf4
59. Kg2 Ke3 0-1

[Event "Olomouc Chess Summer 2018 - open"]
[Site "Olomouc (CZE)"]
[Date "2018.08.14"]
[Round "5.8"]
[White "Szotkowski, David"]
[Black "Kalinowska, Zuzanna"]
[Result "0-1"]
[WhiteElo "1799"]
[BlackElo "2044"]
[PlyCount "58"]
[EventDate "2018.08.11"]

1. Nf3 Nf6 2. c4 e6 3. d4 Bb4+ 4. Bd2 Qe7 5. g3 O-O 6. Bg2 Bxd2+ 7. Qxd2 a5 8.
O-O d6 9. Nc3 Nbd7 10. e4 e5 11. Rad1 Re8 12. Rfe1 Nf8 13. Nd5 Qd8 14. dxe5
dxe5 15. Qc3 c6 16. Ne3 Qc7 17. Nf5 Nxe4 18. Nh6+ gxh6 19. Rxe4 Ng6 20. h4 Bf5
21. Re3 Bg4 22. Rde1 Bxf3 23. Bxf3 f6 24. c5 Red8 25. h5 Nf8 26. Bg4 Rd4 27. f4
Qg7 28. Bf5 Rxf4 29. Bh3 Rh4 0-1

[Event "Olomouc Chess Summer 2018 - open"]
[Site "Olomouc (CZE)"]
[Date "2018.08.14"]
[Round "5.9"]
[White "Stigar, Petter"]
[Black "Karthick, Narayanan S"]
[Result "1/2-1/2"]
[WhiteElo "2217"]
[BlackElo "1979"]
[PlyCount "51"]
[EventDate "2018.08.11"]

1. Nf3 Nf6 2. c4 c5 3. Nc3 Nc6 4. g3 e5 5. Bg2 d6 6. d3 h6 7. a3 Be6 8. O-O Qd7
9. Rb1 d5 10. cxd5 Nxd5 11. Bd2 Be7 12. Nxd5 Bxd5 13. Qa4 Bxf3 14. Bxf3 Nd4 15.
Qxd7+ Kxd7 16. Bxb7 Nxe2+ 17. Kg2 Rab8 18. Bd5 f6 19. Be3 Nd4 20. f4 exf4 21.
Bxd4 cxd4 22. gxf4 Bd6 23. f5 Be5 24. h3 Kd6 25. Bc4 h5 26. b4 1/2-1/2

[Event "Olomouc Chess Summer 2018 - open"]
[Site "Olomouc (CZE)"]
[Date "2018.08.14"]
[Round "5.10"]
[White "Cagasik, Tomas"]
[Black "Halas, Przemyslaw"]
[Result "1/2-1/2"]
[WhiteElo "2180"]
[BlackElo "1964"]
[PlyCount "62"]
[EventDate "2018.08.11"]

1. d4 e6 2. e4 d5 3. e5 c5 4. c3 Qb6 5. a3 Bd7 6. Nf3 Nc6 7. b4 cxd4 8. cxd4
Nge7 9. Nc3 Nf5 10. Na4 Qd8 11. Be2 Nfxd4 12. Nxd4 Nxd4 13. Qxd4 Bxa4 14. O-O
Qd7 15. Be3 Be7 16. Qg4 g6 17. Bh6 Bb5 18. Bxb5 Qxb5 19. Rfc1 Qd7 20. Qh3 Rg8
21. Be3 h5 22. Qf3 a6 23. Qf4 g5 24. Qd4 Kf8 25. Rc3 Kg7 26. f4 f5 27. fxg5 Kg6
28. Rac1 Rac8 29. h3 Rgd8 30. Bf2 Rf8 31. Kh2 Rfd8 1/2-1/2

[Event "Olomouc Chess Summer 2018 - open"]
[Site "Olomouc (CZE)"]
[Date "2018.08.15"]
[Round "6.1"]
[White "Schmid, Thomas"]
[Black "Bronowicki, Mateusz"]
[Result "1/2-1/2"]
[WhiteElo "2109"]
[BlackElo "2280"]
[PlyCount "42"]
[EventDate "2018.??.??"]

1. e4 e6 2. d4 d5 3. Nd2 Nf6 4. e5 Nfd7 5. Bd3 c5 6. c3 Nc6 7. Ne2 cxd4 8. cxd4
f6 9. exf6 Qxf6 10. Nf3 h6 11. O-O Bd6 12. Ng3 O-O 13. Bc2 Rf7 14. Nh5 Qe7 15.
Re1 Nf8 16. Ne5 Nxe5 17. dxe5 Bc5 18. Be3 Bd7 19. Qg4 Rc8 20. Bd3 Kh8 21. Nf4
Kg8 1/2-1/2

[Event "Olomouc Chess Summer 2018 - open"]
[Site "Olomouc (CZE)"]
[Date "2018.08.15"]
[Round "6.2"]
[White "Kalinowska, Zuzanna"]
[Black "Bugalski, Michal"]
[Result "0-1"]
[WhiteElo "2044"]
[BlackElo "2263"]
[PlyCount "94"]
[EventDate "2018.??.??"]

1. d4 Nf6 2. c4 b6 3. Nc3 Bb7 4. Qc2 d5 5. cxd5 Nxd5 6. e4 Nxc3 7. bxc3 e5 8.
Nf3 Nd7 9. Bc4 Bd6 10. O-O O-O 11. Bg5 Qe8 12. Rfe1 Kh8 13. Rad1 f6 14. Bc1 Qh5
15. Be6 Rad8 16. Qa4 Qe8 17. Bxd7 Qxd7 18. Qxd7 Rxd7 19. dxe5 fxe5 20. Nxe5 Re7
21. Nc4 Bc5 22. Be3 Bxe3 23. Rxe3 Rxe4 24. Rxe4 Bxe4 25. Rd7 Rc8 26. Ne3 Kg8
27. f3 Bc6 28. Re7 Be8 29. Nd5 Bf7 30. Rd7 Be6 31. Rxc7 Rxc7 32. Nxc7 Bxa2 33.
Kf2 Bc4 34. Ke3 Kf7 35. Kd4 Bf1 36. g3 Ke7 37. c4 Kd7 38. Nb5 a6 39. Nc3 Kc6
40. h4 Bg2 41. f4 h5 42. Na4 b5 43. Nc5 a5 44. Ne6 b4 45. Nxg7 a4 46. Ne6 a3
47. Nc5 Bh3 0-1

[Event "Olomouc Chess Summer 2018 - open"]
[Site "Olomouc (CZE)"]
[Date "2018.08.15"]
[Round "6.3"]
[White "Husarik, Branko"]
[Black "Kula, Dominik"]
[Result "1-0"]
[WhiteElo "2072"]
[BlackElo "2201"]
[PlyCount "53"]
[EventDate "2018.??.??"]

1. d4 Nf6 2. Nc3 d5 3. Bg5 Bf5 4. f3 Nbd7 5. e3 c6 6. Bd3 Bg6 7. Nge2 e5 8.
Bxg6 hxg6 9. Qd3 Qc7 10. O-O-O O-O-O 11. e4 dxe4 12. Nxe4 Nc5 13. Nxc5 Bxc5 14.
Qc4 Bxd4 15. Nxd4 exd4 16. Rxd4 Rxd4 17. Qxd4 Rxh2 18. Re1 Rh8 19. Qxa7 Re8 20.
Rd1 Nd5 21. Qa8+ Kd7 22. Qa4 Qe5 23. Bf4 Qf5 24. g4 Ra8 25. Qb4 Kc8 26. Qf8+
Kd7 27. Qd6+ 1-0

[Event "Olomouc Chess Summer 2018 - open"]
[Site "Olomouc (CZE)"]
[Date "2018.08.15"]
[Round "6.4"]
[White "Budnik, Mateusz"]
[Black "Valenta, Vit"]
[Result "1-0"]
[WhiteElo "2003"]
[BlackElo "2085"]
[PlyCount "123"]
[EventDate "2018.??.??"]

1. e4 e5 2. Nf3 Nc6 3. Bb5 a6 4. Ba4 Nf6 5. O-O Be7 6. Re1 b5 7. Bb3 O-O 8. c3
d6 9. d3 Na5 10. Bc2 c5 11. Nbd2 Ne8 12. d4 Nc6 13. Nf1 Bg4 14. d5 Nb8 15. Ne3
Bd7 16. Bd2 g6 17. Qb1 a5 18. b4 Na6 19. a4 axb4 20. axb5 bxc3 21. Bxc3 Nac7
22. Rxa8 Qxa8 23. Bd3 Nf6 24. b6 Rb8 25. Nxe5 dxe5 26. Bxe5 Nfe8 27. Nc4 Bf6
28. Qb2 Bxe5 29. Nxe5 Nf6 30. Ra1 Qb7 31. Nc6 Bxc6 32. Qxf6 Qxb6 33. Qxc6 Qxc6
34. dxc6 Kf8 35. Ra7 Rc8 36. Bc4 f6 37. Kf1 Ke8 38. Ke2 Kd8 39. Bd5 Ra8 40. Rb7
Kc8 41. Kd3 Ra4 42. Bg8 Rd4+ 43. Ke3 Rd6 44. Bxh7 Rxc6 45. Rb1 g5 46. Bf5+ Kd8
47. f4 Ke7 48. g3 Ra6 49. Kf3 c4 50. h4 gxh4 51. gxh4 Ra3+ 52. Kg4 c3 53. h5
Ra2 54. h6 Rh2 55. h7 c2 56. Rc1 Ne8 57. Rxc2 Rh6 58. Rc3 Kf7 59. Rc8 Ke7 60.
Rb8 Rh1 61. Bg6 f5+ 62. Kg3 1-0

[Event "Olomouc Chess Summer 2018 - open"]
[Site "Olomouc (CZE)"]
[Date "2018.08.15"]
[Round "6.5"]
[White "Volodin, Viktor"]
[Black "Zdrazil, Tomas"]
[Result "0-1"]
[WhiteElo "2186"]
[BlackElo "2065"]
[PlyCount "122"]
[EventDate "2018.??.??"]

1. e4 c5 2. Nf3 d6 3. Bb5+ Nd7 4. d4 cxd4 5. Qxd4 a6 6. Bxd7+ Bxd7 7. Nc3 e5 8.
Qd3 h6 9. O-O Nf6 10. a4 Be7 11. Nd2 Be6 12. Nc4 Rc8 13. Ne3 Qc7 14. f3 O-O 15.
Rd1 Rfd8 16. Kh1 Qc5 17. Ncd5 Nxd5 18. exd5 Bd7 19. Bd2 Bg5 20. c3 b5 21. b4
Qc7 22. a5 f5 23. Rf1 Re8 24. Rae1 Rf8 25. Qe2 Bxe3 26. Qxe3 f4 27. Qb6 Qxb6
28. axb6 Rb8 29. Ra1 Rxb6 30. Ra3 Bc8 31. Rd1 Rb8 32. Ra2 Bb7 33. Be1 Rbc8 34.
Re2 g5 35. Kg1 Kg7 36. Kf2 Kg6 37. Bd2 Rf7 38. Ree1 h5 39. h3 Kf5 40. Rh1 Rc4
41. Rhg1 e4 42. fxe4+ Rxe4 43. g4+ hxg4 44. hxg4+ Kg6 45. Rge1 Rfe7 46. Rxe4
Rxe4 47. Bc1 Re5 48. Rh1 Rxd5 49. Rh8 Rd1 50. Rb8 Be4 51. Rb6 Rxc1 52. Rxd6+
Kf7 53. Rxa6 Rc2+ 54. Ke1 Rxc3 55. Rb6 Bd3 56. Kd2 Rb3 57. Rb7+ Kf6 58. Rb6+
Ke5 59. Rb8 Bc4 60. Rf8 Be6 61. Rb8 Rxb4 0-1

[Event "Olomouc Chess Summer 2018 - open"]
[Site "Olomouc (CZE)"]
[Date "2018.08.15"]
[Round "6.6"]
[White "Petek, Primoz"]
[Black "Zielinski, Wojciech"]
[Result "0-1"]
[WhiteElo "2097"]
[BlackElo "2157"]
[PlyCount "114"]
[EventDate "2018.08.11"]

1. c4 Nf6 2. g3 g6 3. Bg2 Bg7 4. Nf3 O-O 5. O-O d6 6. Nc3 c6 7. d3 Bg4 8. h3
Bxf3 9. Bxf3 Qd7 10. Bg2 d5 11. cxd5 Nxd5 12. Bd2 Nc7 13. Qc1 Rd8 14. Ne4 Nba6
15. Bc3 Ne6 16. Bxg7 Kxg7 17. Kh2 f5 18. Ng5 Nxg5 19. Qxg5 Nc7 20. Rad1 Ne6 21.
Qc1 Qd6 22. f4 Qc5 23. Qa1 Rd6 24. e4 Nd4 25. exf5 gxf5 26. Rde1 Kf7 27. Qd1
Rh6 28. Re5 Qb4 29. b3 Rg8 30. Qc1 Rhg6 31. g4 fxg4 32. f5 Rf6 33. Qf4 gxh3 34.
Bxh3 Qd6 35. Rfe1 Kf8 36. Kh1 Rh6 37. R1e3 Rg7 38. Kh2 Nc2 39. Rg3 Rxg3 40.
Qxg3 Nb4 41. Ra5 Qxg3+ 42. Kxg3 a6 43. a3 Nxd3 44. Bf1 Rd6 45. Ra4 Nc5 46. Rg4
Rd1 47. Kf2 Rd5 48. Bc4 Rxf5+ 49. Kg2 Ke8 50. b4 Nd7 51. Be6 Rf6 52. Rg8+ Nf8
53. Bc8 b5 54. Bxa6 Kd7 55. Bb7 Kc7 56. Ba8 Rg6+ 57. Rxg6 hxg6 0-1

[Event "Olomouc Chess Summer 2018 - open"]
[Site "Olomouc (CZE)"]
[Date "2018.08.15"]
[Round "6.7"]
[White "Schmuki, Roman"]
[Black "Cagasik, Tomas"]
[Result "0-1"]
[WhiteElo "2009"]
[BlackElo "2180"]
[PlyCount "80"]
[EventDate "2018.08.11"]

1. e4 c6 2. d4 d6 3. Nf3 Nf6 4. Bd3 Bg4 5. Nbd2 Nbd7 6. h3 Bh5 7. Nf1 e6 8. Ng3
Bg6 9. O-O d5 10. e5 Ng8 11. c3 Ne7 12. Ne1 c5 13. Kh2 c4 14. Bc2 Qc7 15. f4
Bxc2 16. Qxc2 g6 17. b3 h5 18. Nf3 h4 19. Ne2 Nf5 20. Ng5 Be7 21. a4 cxb3 22.
Qxb3 Rc8 23. Rb1 b6 24. a5 bxa5 25. Qb7 Nb6 26. Qa6 a4 27. Ra1 Qc4 28. Qxc4
Rxc4 29. Rf3 a3 30. Bxa3 Ra4 31. Bb2 Rxa1 32. Bxa1 Nc4 33. Rf1 Bxg5 34. fxg5
Kd7 35. Nf4 a5 36. Nd3 Rh5 37. Bb2 Rxg5 38. Bc1 Rg3 39. Nc5+ Kc6 40. Bf4 Rxc3
0-1

[Event "Olomouc Chess Summer 2018 - open"]
[Site "Olomouc (CZE)"]
[Date "2018.08.15"]
[Round "6.8"]
[White "Psaila, Clarence"]
[Black "Stigar, Petter"]
[Result "0-1"]
[WhiteElo "1964"]
[BlackElo "2217"]
[PlyCount "62"]
[EventDate "2018.08.11"]

1. Nf3 d5 2. c4 e6 3. g3 Nf6 4. Bg2 Be7 5. O-O O-O 6. d4 dxc4 7. Qc2 a6 8. Qxc4
b5 9. Qc2 Bb7 10. Bd2 Bd6 11. a3 Nbd7 12. Ba5 Qb8 13. b4 Be4 14. Qc1 Qb7 15.
Nbd2 Bd5 16. Ne1 Bxg2 17. Nxg2 e5 18. dxe5 Nxe5 19. Ne3 Rfe8 20. Ra2 Rac8 21.
Rc2 g6 22. Nb3 Nd5 23. Nc5 Bxc5 24. Nxd5 Bxf2+ 25. Rxf2 Qxd5 26. Bxc7 Ng4 27.
Rc5 Qd4 28. e3 Rxe3 29. Bb6 Rxg3+ 30. hxg3 Qxf2+ 31. Kh1 Qh2# 0-1

[Event "Olomouc Chess Summer 2018 - open"]
[Site "Olomouc (CZE)"]
[Date "2018.08.15"]
[Round "6.9"]
[White "Frugoli, Francesco"]
[Black "Zakoucka, Adela"]
[Result "1-0"]
[WhiteElo "2178"]
[BlackElo "1960"]
[PlyCount "47"]
[EventDate "2018.08.11"]

1. e4 c5 2. Nc3 d6 3. f4 Nc6 4. Nf3 g6 5. Bc4 Bg7 6. d3 e6 7. O-O Nge7 8. Bb3
Bd7 9. f5 gxf5 10. Bg5 f6 11. Bf4 e5 12. Ng5 fxg5 13. Qh5+ Ng6 14. Bxg5 Bf6 15.
exf5 c4 16. fxg6 Qb6+ 17. Kh1 O-O-O 18. Bxf6 hxg6 19. Qg5 cxb3 20. Bxd8 Nxd8
21. Nd5 Qd4 22. Ne7+ Kb8 23. Qf6 Nf7 24. Nxg6 1-0

[Event "Olomouc Chess Summer 2018 - open"]
[Site "Olomouc (CZE)"]
[Date "2018.08.15"]
[Round "6.10"]
[White "Kubicki, Marek"]
[Black "Karthick, Narayanan S"]
[Result "1/2-1/2"]
[WhiteElo "2124"]
[BlackElo "1979"]
[PlyCount "132"]
[EventDate "2018.08.11"]

1. e4 c5 2. Nc3 Nc6 3. f4 e6 4. Nf3 Nge7 5. Bb5 g6 6. Bxc6 Nxc6 7. d3 Bg7 8.
O-O O-O 9. Be3 b6 10. d4 cxd4 11. Nxd4 Ba6 12. Rf2 Na5 13. Ndb5 Bxb5 14. Nxb5
d5 15. exd5 Qxd5 16. Qxd5 exd5 17. Bd4 Bxd4 18. Nxd4 Nc4 19. b3 Nd6 20. Nc6 Ne4
21. Rf3 Kg7 22. Re1 Rfc8 23. Nb4 Nf6 24. Rd3 a5 25. Nxd5 Nxd5 26. Rxd5 Rxc2 27.
a4 Rb2 28. Re3 Rc8 29. h4 Rc6 30. f5 Rb1+ 31. Kh2 Rf1 32. fxg6 hxg6 33. Rb5 Rf4
34. Kg3 Rd4 35. Rf3 Re6 36. h5 gxh5 37. Rxh5 Rg6+ 38. Kf2 Rd2+ 39. Kf1 Rdxg2
40. Rhf5 Rg1+ 41. Ke2 R6g2+ 42. Kd3 Rd1+ 43. Kc4 Rd7 44. Kb5 Rg6 45. Rc3 Re6
46. Ka6 Kg6 47. Rb5 Rdd6 48. Rg3+ Kh7 49. Rg4 Rg6 50. Rh4+ Rh6 51. Rf4 Kg7 52.
b4 axb4 53. Rfxb4 Rd8 54. Rxb6 Rxb6+ 55. Kxb6 f5 56. a5 Kf6 57. a6 Ke5 58. a7
f4 59. Kc6 Ra8 60. Kb7 Rxa7+ 61. Kxa7 f3 62. Rb2 Ke4 63. Kb6 Ke3 64. Kc5 f2 65.
Rb1 Ke2 66. Rb2+ Ke3 1/2-1/2

[Event "Olomouc Chess Summer 2018 - open"]
[Site "Olomouc (CZE)"]
[Date "2018.08.16"]
[Round "7.1"]
[White "Bugalski, Michal"]
[Black "Schmid, Thomas"]
[Result "1-0"]
[WhiteElo "2263"]
[BlackElo "2109"]
[PlyCount "55"]
[EventDate "2018.??.??"]

1. e4 c5 2. c3 d5 3. exd5 Qxd5 4. d4 Nf6 5. Nf3 Bg4 6. Be2 e6 7. h3 Bh5 8. O-O
Nc6 9. c4 Qd7 10. g4 Bg6 11. Be3 cxd4 12. Nxd4 Bc5 13. Nxc6 Bxe3 14. Ne5 Qxd1
15. Rxd1 Bf4 16. Nxg6 hxg6 17. Kg2 Ke7 18. Nc3 Rad8 19. Bf3 b6 20. Nb5 a5 21.
Nd4 Rd6 22. Nc6+ Kd7 23. c5 bxc5 24. Nxa5 Rb8 25. Nb7 Rxd1 26. Rxd1+ Kc7 27.
Nxc5 Rxb2 28. Nd3 1-0

[Event "Olomouc Chess Summer 2018 - open"]
[Site "Olomouc (CZE)"]
[Date "2018.08.16"]
[Round "7.2"]
[White "Budnik, Mateusz"]
[Black "Husarik, Branko"]
[Result "1/2-1/2"]
[WhiteElo "2003"]
[BlackElo "2072"]
[PlyCount "22"]
[EventDate "2018.??.??"]

1. e4 e5 2. Nf3 Nc6 3. Bb5 Nd4 4. Bc4 Nxf3+ 5. Qxf3 Qf6 6. Qxf6 Nxf6 7. d3 Bc5
8. h3 O-O 9. O-O c6 10. Nc3 a5 11. a3 d6 1/2-1/2

[Event "Olomouc Chess Summer 2018 - open"]
[Site "Olomouc (CZE)"]
[Date "2018.08.16"]
[Round "7.3"]
[White "Bronowicki, Mateusz"]
[Black "Zielinski, Wojciech"]
[Result "1/2-1/2"]
[WhiteElo "2280"]
[BlackElo "2157"]
[PlyCount "74"]
[EventDate "2018.??.??"]

1. f4 d6 2. e4 g6 3. Nf3 Bg7 4. Bc4 Nf6 5. Nc3 O-O 6. e5 dxe5 7. fxe5 Ng4 8. d4
c5 9. e6 cxd4 10. exf7+ Kh8 11. Ne4 Nc6 12. O-O Qb6 13. Kh1 Bf5 14. Qe2 Nce5
15. Bb3 a5 16. Nxe5 Nxe5 17. Ng5 a4 18. Bf4 axb3 19. Bxe5 Bxe5 20. Qxe5+ Qf6
21. Qf4 Rxa2 22. cxb3 Rxa1 23. Rxa1 Kg7 24. Re1 h6 25. Nf3 Rxf7 26. Qxd4 Qxd4
27. Nxd4 Kf6 28. Kg1 e5 29. Nb5 Ke6 30. Rd1 Be4 31. b4 Bc6 32. Nc3 Rf4 33. b5
Bd7 34. Ra1 Rb4 35. Ra7 Rxb2 36. Rxb7 Rb3 37. Rb6+ Kf5 1/2-1/2

[Event "Olomouc Chess Summer 2018 - open"]
[Site "Olomouc (CZE)"]
[Date "2018.08.16"]
[Round "7.4"]
[White "Zdrazil, Tomas"]
[Black "Frugoli, Francesco"]
[Result "1/2-1/2"]
[WhiteElo "2065"]
[BlackElo "2178"]
[PlyCount "131"]
[EventDate "2018.??.??"]

1. e4 e5 2. Nf3 Nf6 3. Nxe5 d6 4. Nf3 Nxe4 5. d4 d5 6. Bd3 Bd6 7. O-O O-O 8. c4
c6 9. Qc2 Na6 10. a3 Bg4 11. Ne5 Bxe5 12. dxe5 Nac5 13. Bxe4 dxe4 14. Be3 Qd3
15. Qxd3 Nxd3 16. Nd2 Be2 17. Rfb1 Nxe5 18. b3 Bd3 19. Re1 Rfe8 20. Bd4 Ng6 21.
Re3 f5 22. g3 b6 23. Rae1 Rad8 24. Bc3 b5 25. f3 bxc4 26. bxc4 Ne5 27. fxe4
fxe4 28. Ba5 Rc8 29. h3 Kf7 30. Bc3 Rcd8 31. Ba5 Rd7 32. Kg2 Bxc4 33. Nxe4 Bd5
34. Kf1 Bxe4 35. Rxe4 Rde7 36. Bb4 Re6 37. Bc3 Nd7 38. Rxe6 Rxe6 39. Rxe6 Kxe6
40. Bxg7 Kd5 41. Ke2 Ke4 42. a4 Nc5 43. a5 a6 44. Bc3 Na4 45. Be1 c5 46. Kd2
Nb2 47. Kc3 Nd3 48. Bd2 Ne5 49. Bf4 Nc6 50. Bc7 Kd5 51. g4 Na7 52. Bd8 Nb5+ 53.
Kb3 Nd4+ 54. Kc3 Ne2+ 55. Kd2 Nf4 56. h4 Ne6 57. Bf6 c4 58. Ke3 Nc5 59. g5 Ne4
60. h5 Nd6 61. g6 hxg6 62. hxg6 Nf5+ 63. Kf4 Ke6 64. Bc3 Ne7 65. Ke4 Nxg6 66.
Kd4 1/2-1/2

[Event "Olomouc Chess Summer 2018 - open"]
[Site "Olomouc (CZE)"]
[Date "2018.08.16"]
[Round "7.5"]
[White "Stigar, Petter"]
[Black "Kalinowska, Zuzanna"]
[Result "1/2-1/2"]
[WhiteElo "2217"]
[BlackElo "2044"]
[PlyCount "81"]
[EventDate "2018.??.??"]

1. e4 e6 2. d4 d5 3. Nd2 Nf6 4. e5 Nfd7 5. Bd3 c5 6. c3 Nc6 7. Ne2 f6 8. Nf4
Qe7 9. Nf3 fxe5 10. dxe5 Ndxe5 11. Nxe5 Nxe5 12. Qh5+ Nf7 13. Bxh7 Qg5 14. Qxg5
Nxg5 15. Bc2 Nf7 16. Ng6 Rg8 17. Bf4 Bd6 18. Bxd6 Nxd6 19. O-O-O Kd7 20. Rhe1
Nf7 21. f4 Kd6 22. Re3 Bd7 23. Rde1 Nh6 24. Ne5 Bc8 25. Rg3 a5 26. Rg5 b5 27.
g3 Ra7 28. h4 Rf8 29. Nf3 Re7 30. Rge5 Ng4 31. R5e2 Rc7 32. Ne5 Nh6 33. Nf3 Ng4
34. a3 Rf6 35. Ne5 Nh6 36. Kd2 Ra7 37. Ra1 Rb7 38. Ree1 Rf8 39. Bd3 c4 40. Bc2
Kc5 41. Nf3 1/2-1/2

[Event "Olomouc Chess Summer 2018 - open"]
[Site "Olomouc (CZE)"]
[Date "2018.08.16"]
[Round "7.6"]
[White "Kula, Dominik"]
[Black "Navratil, Jiri"]
[Result "1-0"]
[WhiteElo "2201"]
[BlackElo "2009"]
[PlyCount "57"]
[EventDate "2018.08.11"]

1. Nf3 d5 2. b3 c6 3. Bb2 Bf5 4. d3 Nd7 5. Nbd2 Ngf6 6. g3 h6 7. Bg2 e6 8. O-O
Be7 9. Re1 O-O 10. e4 dxe4 11. dxe4 Bh7 12. Qe2 Qc7 13. c4 e5 14. Bc3 Rfe8 15.
b4 b6 16. Red1 Bf8 17. Ne1 Bg6 18. Nd3 Nh7 19. h4 f6 20. Nf1 Bf7 21. Ne3 Be7
22. f4 exf4 23. gxf4 Bd6 24. Nf5 Bxc4 25. Qg4 Ndf8 26. e5 fxe5 27. fxe5 Bd5 28.
Nxh6+ Kh8 29. exd6 1-0

[Event "Olomouc Chess Summer 2018 - open"]
[Site "Olomouc (CZE)"]
[Date "2018.08.16"]
[Round "7.7"]
[White "Cagasik, Tomas"]
[Black "Nosek, Jan"]
[Result "1-0"]
[WhiteElo "2180"]
[BlackElo "1987"]
[PlyCount "64"]
[EventDate "2018.08.11"]

1. d4 Nf6 2. Bf4 g6 3. Nc3 d6 4. e4 c6 5. Qd2 Qa5 6. Nf3 Bg4 7. Be2 Bxf3 8.
Bxf3 Nbd7 9. O-O Bg7 10. Rfe1 e5 11. Be3 O-O 12. dxe5 dxe5 13. Nd5 Qxd2 14.
Nxf6+ Bxf6 15. Bxd2 a5 16. a4 Be7 17. Red1 Rfd8 18. Be2 Nc5 19. f3 Ne6 20. Bc4
Bc5+ 21. Kf1 Nc7 22. Bg5 Rxd1+ 23. Rxd1 b5 24. axb5 cxb5 25. Ba2 Ra7 26. Bf6
Bd4 27. c3 Ra6 28. Bd8 Bb6 29. Rd7 Ne6 30. Bxe6 fxe6 31. Rd6 Bxd8 32. Rxa6 Kg7
1-0

[Event "Olomouc Chess Summer 2018 - open"]
[Site "Olomouc (CZE)"]
[Date "2018.08.16"]
[Round "7.8"]
[White "Valenta, Vit"]
[Black "Brunova, Blanka"]
[Result "1-0"]
[WhiteElo "2085"]
[BlackElo "1958"]
[PlyCount "73"]
[EventDate "2018.08.11"]

1. b4 e5 2. Bb2 Bxb4 3. Bxe5 Nf6 4. Nf3 d5 5. g3 O-O 6. Bg2 c5 7. O-O Nc6 8.
Bb2 Re8 9. e3 Bg4 10. h3 Bh5 11. d3 d4 12. e4 Ne5 13. g4 Nxf3+ 14. Bxf3 Bg6 15.
Bg2 Qd6 16. f4 Bxe4 17. dxe4 Nxe4 18. Qd3 c4 19. Qf3 d3 20. cxd3 cxd3 21. Be5
Rxe5 22. fxe5 Qd4+ 23. Kh1 Ng3+ 24. Qxg3 Qxa1 25. Qf4 Qb2 26. Qxf7+ Kh8 27.
Qxb7 Rd8 28. e6 d2 29. Nxd2 Qxd2 30. Qxa7 Qd6 31. Qf7 Rg8 32. Qf4 Qe7 33. Rd1
Rf8 34. Qe4 Qc5 35. Rb1 Ba5 36. Qd5 Qc2 37. Qf5 1-0